| 000 | 01136cad a2200229 4500 | ||
|---|---|---|---|
| 008 | 000000n2006 000 0 eng u | ||
| 020 | _a9780117539501 | ||
| 035 | _a(Sirsi) u100100 | ||
| 041 | _aENG | ||
| 110 |
_aDepartment for Communities and Local Government _95880 |
||
| 245 |
_aPlanning Policy Statement 10 _bPlanning for Sustainable Waste Management |
||
| 260 |
_aLondon _bTSO _c2005 |
||
| 490 |
_aPPG _v10 |
||
| 520 | _aPlanning Policy Statement 10 (PPS10) sets out the Government's policy to be taken into account by waste planning authorities and forms part of the national waste management plan for the UK. First published in July 2005 and amended in 2011. Replaces Planning Policy Guidance 10: Planning and Waste Management (PPG10) published in 1999. (1851123 | ||
| 650 | _aPPG10 | ||
| 650 | _aPLANNING POLICY GUIDANCE NOTES | ||
| 650 | _aPOLLUTION | ||
| 650 |
_aEnvironment _96238 |
||
| 690 | _aENVIRONMENT AND LAND CONSULTANCY-PLANNING AND DEVELOPMENT | ||
| 856 |
_uhttps://www.communities.gov.uk/documents/planningandbuilding/pdf/1876202.pdf _zView the item free of charge at www.communities.gov.uk |
||
| 942 | _n0 | ||
| 999 |
_c99589 _d99589 |
||